000 00806nam a2200313 a 4500
003 AR-BaBNM
005 20251128205522.0
008 082120s2002 ||||||||||||||000 | spa||
020 _a84-7166-265-5
040 _cAR-BaBNM
100 1 _aDarwin, Charles
245 0 0 _aEl origen del hombre y la selección en relación al sexo
260 _aMadrid
_bEdaf
_c1994
300 _a523 p.
650 4 _aHOMBRE
650 4 _aESPECIE HUMANA
650 4 _aPRIMATES
650 4 _aCOSTUMBRES
650 4 _aANTROPOLOGIA CULTURAL Y SOCIAL
650 4 _aCOMPORTAMIENTO
650 4 _aHOMBRE PREHISTORICO
650 4 _aARQUEOLOGIA
650 4 _aAVES
650 4 _aMAMIFEROS
700 1 _aCordón, Faustino
_eprologuista
700 1 _aAguirre, Julián
_etraductor
942 _cBK
998 _cMariana
999 _c11722
_d11722